000 00533nam a2200193Ia 4500
003 OSt
005 20221007083257.0
006 a|||||r|||| 00| 0
007 ta
008 221006b |||||||| |||| 00| 0 eng d
024 _a22,858
037 _cTheseses
040 _aFLL
_cFLL
_beng
041 _2eng
_aeng
100 _aSingh Sheo Narain
_9700553
245 0 _aRestraints on concentration of economic power, monopolies and restrictive trade practices
942 _cDIS
_2CC
999 _c1169473
_d1169473